| 000 | 00547nam a2200217Ia 4500 | ||
|---|---|---|---|
| 003 | OSt | ||
| 005 | 20220926045347.0 | ||
| 006 | a|||||r|||| 00| 0 | ||
| 007 | ta | ||
| 008 | 220923b |||||||| |||| 00| 0 eng d | ||
| 037 | _cGeneral Book | ||
| 040 |
_aRTL _cRTL _beng |
||
| 041 |
_2eng _aeng |
||
| 082 | _aX:54.2r, M2/GD | ||
| 110 | _aIndia, Commerce (M/O-) | ||
| 245 | 0 | _aImport and Export policy. | |
| 260 | _c1982 | ||
| 700 | _aIndia, Commerce (M/O-) | ||
| 942 |
_hX:54.2r, M2/GD _cGB _2CC |
||
| 999 |
_c677449 _d677449 |
||